01015nam a2200253 a 450000100060000000300080000600500170001400800410003103500190007204000270009104100080011808200220012610000530014824501300020125000170033126000450034830000230039350400400041650500950045665000390055194200120059099900170060295201420061934208BD-RjUL20211209052125.0140430s1952 enk 000 0 eng  a(BD-RjUL)34302 aDLCcYBMbengdBD-RjUL aeng a301bPOO V-2 19621 aPopper, Karl R.q(Karl Raimund),d1902-1994929014aThe open society and its enemies /cby K. R. PoppernVolume II :pThe High Tide of Prophecy : Hegel , Marx, And The Aftermath a4th ed. rev. aLondon :bRoutledge & Kegan Paul,c1962. av, 420 p. ;c22 cm aIncludes bibliographical references0 av. 1. The spell of Plato.--v. 2. The high tide of prophecy: Hegel, Marx, and the aftermath 0aSocial sciencesxPhilosophy910283 2ddccBK c34208d34208 00102ddc40718NFICaRUCLbRUCLcReadingd1965-10-06eZeitlingerg30.00l0o301 POO V-2 1962r2014-05-14 00:00:00tC-1w2014-05-14yBK